000 00561 a2200193 4500
999 _c32134
_d32134
003 OSt
005 20260319105211.0
008 260319b ||||| |||| 00| 0 eng d
020 _a0 85174 144 4
040 _c.
082 _a623.824
_bP9862
100 _9640
_aPursey, H. J.
245 _aMerchant Ship Construction: Especially Written for the Merchant Navy /
_cH. J. Pursey
250 _a7th ed.
260 _bBrown, Son & Ferguson, Ltd Nautical Publishers,
_aGlasgow :
_c1983.
300 _a217 p.
650 0 _92802
_aShip Construction
942 _2ddc
_cBK